00826nam a22002177a 450000500170000001000150001702000260003203500140005803700130007208200110008524501160009626000470021227000710025930000290033050000340035970000220039370000260041594200250044199900190046695201230048520161125122856.0 aENG-116651 a9789380570327c950.00 aEN-100183 bDBAD/PUB a333.95 aImpact of enviroment and climate change on biodiversity /cedited by Ram Pratap Singh [and] Vinayak Singh Tomar aNew DelhibGlobal Books Organisationc2016 aSarashwati House,U-9, Subhash Park, Uttam NagarbNew Delhie110059 av,261p. :c22cm(Hb)bill aIncludes references and index aRam Pratap Singh  aTomar, Vinayak Singh  2ddccENh333.95mIMP c104764d104764 001040718NFICaDBADbBNd2016-11-25eDBAD/PUBg950.00l0o333.95 IMPpEN-100183r2016-11-25 00:00:00t1v333.95yEN